000 00479nam a2200169Ia 4500
003 GCL
008 140319s9999 xx 000 0 eng d
040 _aGCL /
_cGCL
082 0 4 _a709.034
_bE N
100 1 _aEISENMAN, STEPHEN F.
245 1 0 _aNINETEENTHT CENTURY ART: A CRITICAL HISTORY /
_cEISENMAN, STEPHEN F.
260 _a[S.N] :
_bTHAMES AND HUDSON ،
_c1995
300 _a376
650 0 4 _aHISTRY, AND CRITICISM
650 0 4 _aART MODERN 19TH CENTURY
942 _2ddc
_cBK
999 _c24900
_d24900